|
|
|
|
| LEADER |
00000naa a2200000 a 4500 |
| 001 |
vtls010919589 |
| 003 |
SK-MaSNL |
| 005 |
20260426023532.0 |
| 008 |
220808|1989 xo |||||||||||||||||slo| |
| 015 |
|
|
|a SNBRA
|
| 035 |
|
|
|a (urnnbn)urn:nbn:sk:snk:ar-a0cys3
|
| 035 |
|
|
|a (uuid)f49fe648-2ecf-4004-96f2-68b1c05fc62f
|
| 035 |
|
|
|a urn:nbn:sk:snk-aatnhl
|
| 040 |
|
|
|a SNKBUCL
|b slo
|c SNKBUCL
|e AACR2
|
| 041 |
0 |
|
|a slo
|
| 044 |
|
|
|a xo
|c SK
|
| 080 |
|
|
|a 75.071.1
|2 0011
|
| 080 |
|
|
|a 929
|2 2011
|
| 245 |
0 |
0 |
|a KLIMKOVIČ, Florián (Klimkovics)
|b maliar (3. 5. 1756 Okoličné, okr. Liptovský Mikuláš alebo Smolník, okr. Humenné - 15. 3. 1826 Staré Hory, okr. Banská Bystrica)
|
| 600 |
1 |
7 |
|a Klimkovič, Florián,
|d 1756-1826
|2 SNKMA
|9 194537
|
| 650 |
0 |
7 |
|a maliari
|2 SNKPH
|9 3150
|
| 651 |
|
7 |
|a Slovensko
|2 SNKPHgeo
|9 14231
|
| 655 |
|
7 |
|a biografické heslá
|2 SNKPH
|9 368942
|
| 773 |
0 |
|
|t Slovenský biografický slovník : (od roku 833 do roku 1990). III. zväzok, K-L
|d Martin : Matica slovenská, 1989
|g S. 105
|z 8070900199 viaz
|
| 954 |
|
|
|a odborná, vedecká literatúra pôvodná (slovenská)
|2 lita
|
| 958 |
|
|
|a OND
|
| 958 |
|
|
|a BX
|
| 958 |
|
|
|a article25
|
| 958 |
|
|
|a chapter
|
| 999 |
|
|
|c 1345921
|d 1347851
|